| 000 | 00595nam a2200181Ia 4500 | ||
|---|---|---|---|
| 008 | 090122s9999 xx 000 0 und d | ||
| 082 | _b12591 | ||
| 100 |
_aकदम _bउमेश |
||
| 245 | _aदूरची माती जवळची नाती | ||
| 260 |
_bदिलीपराज _c2008 |
||
| 300 | _a193 | ||
| 501 | _aदिलीपराज प्रकाशन | ||
| 600 | _aकदम | ||
| 630 | _aदूरची माती जवळची नाती | ||
| 700 | _aकदम | ||
| 730 | _aदूरची माती जवळची नाती | ||
| 942 | _cBOOK | ||
| 999 |
_c36668 _d36668 |
||